| 000 | 00426nam a22001817a 4500 | ||
|---|---|---|---|
| 003 | NUST - PNEC | ||
| 005 | 20170116181149.0 | ||
| 008 | 150930b xxu||||| |||| 00| 0 eng d | ||
| 020 | _a- | ||
| 040 | _cLIBRARY | ||
| 082 | _a621.38195 ASY | ||
| 100 |
_912050 _aAsymetrix |
||
| 245 |
_aToolbook user manual _cAsymetrix |
||
| 250 | _a- | ||
| 260 | _cc.1994 | ||
| 650 |
_912051 _aToolbook _xMIS, Computer |
||
| 942 |
_2ddc _cBK |
||
| 999 |
_c70874 _d70874 |
||